1654 1452 1253 1006 1916 1654 1436 1534 1323 1528 1140 1117 1759 1246 1754 1507 1594 1735 1215 1842 1499 1535 1629 1456 1197 1376 1142 1654 1664 1855 1591 1825 1319 1031 1301 1666 1368 1736 1270 1950 1177 1806 1819 1220 1359 1899 1436 1134 1284 1290 1038 1386 1157 1403 1314 1896 1678 1811 1160 1978 1106 1469 1601 1297 1769 1470 1545 1213 1979 1130 1969 1784 1728 1141 1626 1408 1996 1274 1480 1481 1159 1055 1807 1407 1886 1078 1564 1499 1456 1180 1760 1814 1465 1352 1659 1194 1784 1522 1519 BCNSPRNW ULIB Ver.6.0+V

เปลี่ยนเป็นภาษาไทย

Change to English
 แสดงรายละเอียดบรรณานุกรม
  กลับหน้าหลัก

Brief Record : Get Marc (ISO 2709) : E-mail record : QR code < ปิดหน้าต่าง
LEADER : 00000nam 2200000uu 4500
001    13399128994
003     ULIB
008    250501s2567||||th 000 0 tha d
020 ^^ ^a9786162716256
060 ^^ ^aWY150.2^bก671ก
100 ^^ ^aกิตติกร นิลมานัต.
245 ^^ ^aการพยาบาลผู้ป่วยผู้ใหญ่และผู้สูงอายุที่มีปัญหาทางอายุรศาสตร์ :^bกรณีศึกษา /^cกิตติกร นิลมานัต, วราภรณ์ คงสุวรรณ, บรรณาธิการ
250 ^^ ^aพิมพ์ครั้งที่ 2
260 ^^ ^aสงขลา :^bสาขาวิชาการพยาบาลผู้ใหญ่และผู้สูงอายุ คณะพยาบาลศาสตร์ มหาวิทยาลัยสงขลานครินทร์, ^c2567
300 ^^ ^avi, 170 หน้า :^bภาพประกอบ, ตาราง ;^c24 ซม.
505 ^^ ^aสารบาญ: การใช้กระบวนการพยาบาลสำหรับผู้ป่วยผู้ใหญ่และผู้สูงอายุที่มีปัญหาทางอายุรศาสตร์ - - การพยาบาลผู้ป่วยที่มีภาวะเลือดออกในระบบทางเดินอาหารส่วนบน - - การพยาบาลผู้ป่วยโรคหืด - - การพยาบาลผู้ป่วยโรคไตวายเรื้อรัง - - การพยาบาลผู้ป่วยวิกฤตที่มีภาวะหายใจล้มเหลว - - การพยาบาลผู้ป่วยที่มีการหย่าเครื่องช่วยหายใจ - - การพยาบาลผู้ป่วยวิกฤตระยะสุดท้ายและใกล้ตาย
590 ^^ ^aกิตติกร นิลมานัต, และวราภรณ์ คงสุวรรณ (บรรณาธิการ). ^bการพยาบาลผู้ป่วยผู้ใหญ่และผู้สูงอายุที่มีปัญหาทางอายุรศาสตร์: กรณีศึกษา ^c(พิมพ์ครั้งที่ 2). ^dสาขาวิชาการพยาบาลผู้ใหญ่และผู้สูงอายุ คณะพยาบาลศาสตร์ มหาวิทยาลัยสงขลานครินทร์.
591 ^^ ^aกิตติกร นิลมานัต, วราภรณ์ คงสุวรรณ, บรรณาธิการ. การพยาบาลผู้ป่วยผู้ใหญ่และผู้สูงอายุที่มีปัญหาทางอายุรศาสตร์: กรณีศึกษา. พิมพ์ครั้งที่ 2. สงขลา: สาขาวิชาการพยาบาลผู้ใหญ่และผู้สูงอายุ คณะพยาบาลศาสตร์ มหาวิทยาลัยสงขลานครินทร์; 2567.
650 ^^ ^aผู้ใหญ่ ^xการพยาบาล
690 ^^ ^aสาขาวิชาการพยาบาลผู้ใหญ่
700 ^^ ^aวราภรณ์ คงสุวรรณ
945    ^p250^l0^i011314
945    ^p250^l0^i011315
945    ^p250^l0^i011321
945    ^p250^l0^i011322
999    ^aประนอม เกษจรัล
รายการนี้ยังไม่มีแท็ก
คุณยังไม่ได้ล็อกอิน คุณสามารถมีกิจกรรมร่วมกับเว็บไซต์ได้ แต่ต้องล็อกอินก่อน ::
  ล็อกอิน

รายการสื่อสารสนเทศ

ลำดับที่ ประเภท เลขเรียก/บาร์โค้ด สถานที่ สถานะ
1. Book การพยาบาล
หนังสือสำรอง
สถานะ=หนังสือสำรอง
WY150.2 ก671ก ฉ.1 
  Barcode: 011314
ห้องสมุดวิทยาเขตสวรรค์ประชารักษ์
►หนังสือทั่วไป
ถูกยืม กำหนดส่งวันที่ 2 กุมภาพันธ์ 2569
  จอง
2. Book การพยาบาล
Book การพยาบาล
WY150.2 ก671ก ฉ.2 
  Barcode: 011315
ห้องสมุดวิทยาเขตสวรรค์ประชารักษ์
►หนังสือทั่วไป
บนชั้น
3. Book การพยาบาล
Book การพยาบาล
WY150.2 ก671ก ฉ.3 
  Barcode: 011321
ห้องสมุดวิทยาเขตสวรรค์ประชารักษ์
►หนังสือทั่วไป
บนชั้น
4. Book การพยาบาล
Book การพยาบาล
WY150.2 ก671ก ฉ.4 
  Barcode: 011322
ห้องสมุดวิทยาเขตสวรรค์ประชารักษ์
►หนังสือทั่วไป
บนชั้น

BibComment


ยังไม่เคยถูกคอมเมนท์

คอมเมนท์ทรัพยากรรายการนี้
  คอมเมนท์: การพยาบาลผู้ป่วย..


 Copyright 2026. Bcnsprnw @Library